000 00302nam a2200133 i 4500
001 bg
100 1 _aOPITZ, Herwart
245 0 _aModerne produktionstechnik /
_cHerwart Opitz.
260 _aEssen 1971.
040 _cBPK
041 _apol
942 _cKS
008 s pl f |000 0 pol
999 _c25674
_d25674
856 _uhttp://koha.tu.koszalin.pl/cgi-bin/koha/opac-detail.pl?biblionumber=25674
_yKatalog online BPK